| 000 | 00468nam a2200181Ia 4500 | ||
|---|---|---|---|
| 001 | 43418 | ||
| 008 | 140425s9999 xx 000 0 und d | ||
| 020 | _aNA | ||
| 040 | _cPK-LaUMT | ||
| 082 |
_aRHC 891.4398095482 _bSAF-T |
||
| 100 | _aSafi Ullah | ||
| 245 |
_aTareekh-e-nasr Urdu tamil naadu mein (Urdu) _cSafi Ullah |
||
| 260 |
_aChenie: _bSarmadi Publications, _c2008 |
||
| 300 | _a359 p. | ||
| 546 | _aUR | ||
| 650 | _aTamil Nadu literature-Urdu | ||
| 942 | _cBK | ||
| 999 |
_c41428 _d41428 |
||